Missing Word: TV Shows Missing Adjectives Quiz Stats

 Plays Quiz Updated Apr 15, 2019

Score 0/20 Timer 04:00
1 Play Today
TV Show Adjective % Correct
Orange is the _____ BlackNew
98.5%
The _____ Prince of Bel-AirFresh
98%
Pretty _____ LiarsLittle
97.1%
Buffy the _____ SlayerVampire
96.9%
It's Always _____ in PhiladelphiaSunny
94.5%
The _____ DeadWalking
90.1%
_____ HousewivesDesperate
90%
Law & Order: _____ Victims UnitSpecial
89.8%
American _____ StoryHorror
87.6%
The _____ GirlsGolden
86.8%
TV Show Adjective % Correct
_____ DaysHappy
85.3%
Avatar: The _____ AirbenderLast
81.8%
The _____ YearsWonder
81.5%
_____ AcresGreen
80.6%
My _____ SonsThree
78.2%
_____ FamilyModern
77.6%
_____ Kimmy SchmidtUnbreakable
65.1%
_____ Things Stranger
62.5%
_____ MirrorBlack
61.3%
The _____ PlaceGood
59.4%

Today's Daily Dose

Missing Word
Banned Books (A-Z)

Word Ladder
Janis Joplin

Get the Picture
Occupations

You're not logged in!

Compare scores with friends on all Sporcle quizzes.
OR
Log In

Sporcle TV

Today on Sporcle TV


Watch our educational content, quiz creation guides, and fun videos on Sporcle TV.

Show Comments

Extras

Top Quizzes Today


Score Distribution

Your Account Isn't Verified!

In order to create a playlist on Sporcle, you need to verify the email address you used during registration. Go to your Sporcle Settings to finish the process.

Report this User

Report this user for behavior that violates our Community Guidelines.

Details: